Most Catholic Countries in Africa - Statistics

General Stats
  • This quiz has been taken 158 times
  • The average score is 14 of 17
Answer Stats
Answer % Correct
Democratic Republic of Congo
100%
Nigeria
97%
Tanzania
93%
Kenya
91%
Angola
89%
Rwanda
84%
Uganda
83%
Gabon
82%
Mozambique
82%
São Tomé and Príncipe
81%
Seychelles
81%
Cape Verde
80%
Burundi
78%
Equatorial Guinea
78%
Madagascar
78%
Côte d'Ivoire
71%
Lesotho
59%
No matching quizzes found
Score Distribution
Percent of People with Each Score
Percentile by Number Answered
Your Score History
You have not taken this quiz